LUCKY ONE TAKE A CHANCE (Record no. 28952)

MARC details
000 -LEADER
fixed length control field 00314nam a2200133Ia 4500
008 - FIXED-LENGTH DATA ELEMENTS--GENERAL INFORMATION
fixed length control field 240624s9999 xx 000 0 und d
041 ## - LANGUAGE CODE
Language code of text/sound track or separate title eng
082 ## - DEWEY DECIMAL CLASSIFICATION NUMBER
Classification number 823 SPA
100 ## - MAIN ENTRY--PERSONAL NAME
Personal name SPARKS NICHOLAS
245 ## - TITLE STATEMENT
Title LUCKY ONE TAKE A CHANCE
260 ## - PUBLICATION, DISTRIBUTION, ETC.
Date of publication, distribution, etc. 2012
Place of publication, distribution, etc. USA
Name of publisher, distributor, etc. Sphere
300 ## - PHYSICAL DESCRIPTION
Extent ix, 334 p.; 19 cm.
365 ## - TRADE PRICE
Currency code BPS
Holdings
Withdrawn status Lost status Damaged status Not for loan Home library Current library Shelving location Date acquired Cost, normal purchase price Full call number Barcode Date last seen Price effective from Koha item type
        IMTN IMTN Rack 41-A 08/12/2017 7.99 823 SPA 28952 06/24/2024 06/24/2024 Books
Designed & Maintained by: LRC IMT Nagpur Contact: lrc@imtnag.ac.in© 2024. All Rights Reserved.